La Revolución Mexicana y la literatura /

Conferencia ofrecida por Xavier Icaza en el Palacio de Bellas Artes, con motivo del XXIV aniversario de la Revolución Mexicana en noviembre de 1934 y en en la cual aborda el desarrollo de la novela de la revolución y algunos de los principales exponentes de este movimiento literario.

Պահպանված է:
Մատենագիտական մանրամասներ
Հիմնական հեղինակ: Icaza y López Negrete, Xavier (autor)
Ձևաչափ: Գիրք
Լեզու:իսպաներեն
Շարք:(Conferencias del Palacio de Bellas Artes)
Խորագրեր:
Ցուցիչներ: Ավելացրեք ցուցիչ
Չկան պիտակներ, Եղեք առաջինը, ով նշում է այս գրառումը!

MARC

LEADER 00000nam^a2200000^a^4500
001 000156618
005 20250521000000.0
009 20260310100511.371
037 |a Acervo ITESO - Biblioteca 
041 |a ESP 
082 |a 860. 972061  |b ICA 
100 |a Icaza y López Negrete, Xavier  |e (autor) 
245 1 3 |a La Revolución Mexicana y la literatura /  |c X. Icaza y López Negrete. 
264 |a México :  |b Secretaría de Educación Pública, Departamento de Bellas Artes,  |c 1934 
300 |a 49 p. 
336 |a texto  |b txt  |2 rdacontenido 
337 |a sin mediación  |b n  |2 rdamedio 
338 |a volumen  |b nc  |2 rdasoporte 
440 1 |a (Conferencias del Palacio de Bellas Artes) 
520 |a Conferencia ofrecida por Xavier Icaza en el Palacio de Bellas Artes, con motivo del XXIV aniversario de la Revolución Mexicana en noviembre de 1934 y en en la cual aborda el desarrollo de la novela de la revolución y algunos de los principales exponentes de este movimiento literario. 
649 |a XX 
650 |a Novela Mexicana -  |x Historia y Crítica 
650 |a Literatura Mexicana -  |x Historia y Crítica 
650 |a Literatura Mexicana -  |y Siglo XX 
650 |a Novela de la Revolución -  |x Historia y Crítica 
650 |a Política -  |z México -  |x Historia -  |y Revolución, 1910-1917 
650 |a México -  |x Historia -  |y Revolución, 1910-1917 
650 |a México -  |x Historia -  |y 1910-1946 
650 |a México -  |x Historia -  |y Siglo XX 
650 |a Escritores Mexicanos -  |x Discursos 
910 |a Fondo Salvador Reynoso Reynoso 
920 |a Impresos - Libros 
930 |a Fondos Especiales 
940 |a Literatura 
905 |a 112 
901 |a 0800016207  |b IT2  |c ESP  |u 20250521 
901 |a 0500090338  |b IT2  |c ESP  |u 20250521 
902 |a https://opac.biblio.iteso.mx/vufind/Record/000156618